00272nam a2200109Ia 4500008004100000020001700041245003000058250001200088260001500100260001100115300003600126191206s9999 xx 000 0 und d a0876688113 : 0aStress response syndromes a2nd ed. aJ. Aronson ccc1986 a"xviii, 358 p. : ill. ; 24 cm."